000 00730nam a2200289Ia 4500
005 20260324142949.0
008 008 260324s9999 xx 000 0 eng d
020 _a9781003291008
037 _aEBOOK
040 _aCRL
040 _beng
040 _cCRL
041 _2eng
041 _aeng
084 _qCRL
100 _aGeoff Whitty; Tony Edwards; Sharon Gewirtz
_91213891
245 0 _aSpecialisation and Choice in Urban Education
245 4 _bThe City Technology College Experiment
260 _bTaylor and Francis
260 _c1993
365 _a
365 _b170
856 _uhttp://www.taylorfrancis.com/books/9781003291008
942 _cEBOOK
999 _c1818714
_d1818714